000 00759nam a2200301 a 4500
003 AR-BaBNM
005 20251128204932.0
008 082120s2002 ||||||||||||||000 | spa||
020 _a980-01-0584-0
040 _cAR-BaBNM
100 1 _aTodorov, Tzvetan
245 0 0 _aSimbolismo e interpretación
250 _a2ª ed.
260 _aCaracas
_bMonte Avila
_c1992
300 _a186 p.
490 0 _aEstudios
650 4 _aCRITICA LITERARIA
650 4 _aINVESTIGACION LINGÜISTICA
650 4 _aESTUDIOS CULTURALES
650 4 _aFILOLOGIA
650 4 _aSIMBOLOS
650 4 _aESTRUCTURALISMO
655 _aLITERATURA
700 1 _aLemoine, Claudine
_etraductor
700 1 _aRussotto, Márgara
_etraductor
942 _cBK
998 _cisola
999 _c9399
_d9399